000 00648nam a2200205Ia 4500
001 21051
003 GE_BSU
008 181216s||||||||xx |||||||||||||| ||und||
040 _cGE_BSU
245 _aПсихологический журнал. Том 38, №3. 2017. Май-Июнь
245 _cгл. ред.РАН А.Л.Журавлев и др.
260 _aМосква
260 _bНаука
260 _c2017
300 _a144 стр. 30 см.
653 _aПериодика
653 _aПсихологический журнал. Том 38, №3. 2017. Май-Июнь
653 _aპერიოდიკა
942 _cCR
999 _c54000
_d54000